00458nam a22001817a 450000500170000000800410001704000070005804100120006508200220007710000210009924500340012026000350015430000260018965000130021565000130022865000120024170000230025320220728100512.0220728b ||||| |||| 00| 0 eng d cAL aEnglish 223a338.094bAMIB aRamanbhai B Amin aBusiness Industry and Society aBARODAbLight Publications Ltd a218 p.bPBc18x12 cm. aBusiness aIndustry aSociety aAMIN (Ramanbhai B)